Integrated accounting for windows : (Record no. 344716)
[ view plain ]
| 000 -LEADER | |
|---|---|
| fixed length control field | 00904 a2200193 4500 |
| 020 ## - INTERNATIONAL STANDARD BOOK NUMBER | |
| International Standard Book Number | 0324007620 |
| 020 ## - INTERNATIONAL STANDARD BOOK NUMBER | |
| International Standard Book Number | 9780324007626 |
| 090 ## - LOCALLY ASSIGNED LC-TYPE CALL NUMBER (OCLC); LOCAL CALL NUMBER (RLIN) | |
| -- | 2214 |
| -- | 2214 |
| 100 1# - MAIN ENTRY--PERSONAL NAME | |
| Personal name | Klooster, Dale. |
| 245 10 - TITLE STATEMENT | |
| Title | Integrated accounting for windows : |
| Remainder of title | with spreadsheet applications/book and disk / |
| Statement of responsibility, etc. | Dale Klooster. |
| 250 ## - EDITION STATEMENT | |
| Edition statement | 2nd Bk&Dk ed. |
| 260 ## - PUBLICATION, DISTRIBUTION, ETC. | |
| Place of publication, distribution, etc. | [S.l.] : |
| Name of publisher, distributor, etc. | South-Western Pub, |
| Date of publication, distribution, etc. | 1999. |
| 300 ## - PHYSICAL DESCRIPTION | |
| Extent | 1 v. (unpaged) ; |
| Dimensions | 28 cm. |
| 500 ## - GENERAL NOTE | |
| General note | Paperback. |
| 520 ## - SUMMARY, ETC. | |
| Summary, etc. | This product is appropriate for use in the first computerized accounting course predominately taught at career and community colleges. No prior knowledge of computers or computerized accounting is required to use this text. |
| 856 40 - ELECTRONIC LOCATION AND ACCESS | |
| Materials specified | Amazon.com |
| Uniform Resource Identifier | <a href="http://www.amazon.com/exec/obidos/ASIN/0324007620/chopaconline-20">http://www.amazon.com/exec/obidos/ASIN/0324007620/chopaconline-20</a> |
| 856 40 - ELECTRONIC LOCATION AND ACCESS | |
| Materials specified | Amazon customer reviews |
| Uniform Resource Identifier | <a href="http://www.chopac.org/cgi-bin/tools/azrev.pl?q=0324007620">http://www.chopac.org/cgi-bin/tools/azrev.pl?q=0324007620</a> |
| 942 ## - ADDED ENTRY ELEMENTS (KOHA) | |
| Institution code [OBSOLETE] | NBS |
| Koha item type | Book |
| Call number prefix | 657 KLO |
| Withdrawn status | Lost status | Damaged status | Not for loan | Permanent Location | Current Location | Date acquired | Total Checkouts | Full call number | Barcode | Date last seen | Price effective from | Koha item type | Source of classification or shelving scheme | Collection code | Shelving location |
|---|---|---|---|---|---|---|---|---|---|---|---|---|---|---|---|
| Central Library (CL) | Central Library (CL) | 08/28/2013 | 657 KLO | NBS4891 | 08/28/2013 | 08/28/2013 | Book | ||||||||
| Central Library (CL) | Central Library (CL) | 08/02/2018 | 657 KLO | NBSD-2995 | 08/02/2018 | 08/02/2018 | Book | General Stacks |
